• 首页
  • 本馆介绍
  • 公告通知
  • 最新文献
  • 馆藏检索
  • 电子资源
  • 读者导购
  • 参考咨询
  • 我的图书馆
  • 登录
  • 详细信息显示
  • 放入我的书架
  • 预约/预借图书
  • 作者相关作品
  • 分类相关作品
  • 丛书相关作品
  • 出版社相关作品

书目信息

  • 表格格式
  • 工作单格式
  • 卡片格式
题名:
建筑经济管理学
    
 
作者: 洪坤廉 编
分册:  
出版信息: 上海   上海交通大学出版社  1988.10
页数: 352页
开本: 19厘米
丛书名:
单 册:
中图分类: F407.96 , F407.9
科图分类:
主题词: 建筑经济-管理学 , 管理学-建筑经济
电子资源:
ISBN: 7-313-00250-5
000 00818nam0 2200265 45
001 0189009068
005 20060820112248.89
010    @a7-313-00250-5@dCNY2.20
020    @aCN@b89009068
100    @a19901121d1988 m y0chiy0120 ea
101 0  @achi
102    @aCN@b310000
105    @ay z 000yy
200 10 @a建筑经济管理学@Ajian zhu jing ji guan li xue@f洪坤廉编@Fhong kun lian bian
210    @a上海@c上海交通大学出版社@d1988.10
215    @a352页@d19厘米
330    @a本书主要介绍建筑生产活动中的建筑经济化和经营管理问题。
540 1  @a建筑 经济 管理学@Ajian zhu jing ji guan li xue
606    @a建筑经济-管理学
606    @a管理学-建筑经济
690    @aF407.96@v1980
690    @aF407.9@v3
701  0 @a洪坤廉@Ahong kun lian@4编
801  0 @aCN@bTSSF@c20060820
905    @a10447@dF407.9@e128
    
    建筑经济管理学/洪坤廉编.-上海:上海交通大学出版社,1988.10
    352页;19厘米
    
    
    ISBN 7-313-00250-5:CNY2.20
    本书主要介绍建筑生产活动中的建筑经济化和经营管理问题。
●
相关链接 在E读中查询图书 在五车中查询图书 在当当中查询图书 在豆瓣中查询图书


正题名:建筑经济管理学     索取号:F407.9/128         预约/预借

序号 登录号 条形码 馆藏地/架位号 状态 备注
1 0447909   204479091   密集书库/ [索取号:F407.9/128] 在馆    
2 0447910   204479108   密集书库/ [索取号:F407.9/128] 在馆    
3 0448676   204486760   密集书库/ [索取号:F407.9/128] 在馆    
4 0471652   204716520   密集书库/ [索取号:F407.9/128] 在馆    
唐山师范学院图书馆 欢迎您!
大连网信软件有限公司© 版权所有